|
|
|
|
| LEADER |
01402nam a2200337 a 4500 |
| 001 |
17631 |
| 003 |
BD-DhAAL |
| 005 |
20150208125208.0 |
| 008 |
140521r19991998enka b 001 0 eng |
| 010 |
|
|
|a 97025836
|
| 020 |
|
|
|a 0521580307 (hardback)
|
| 020 |
|
|
|a 0521589754 (pbk.)
|
| 040 |
|
|
|a DLC
|c DLC
|d DLC
|d BD-DhAAL
|
| 050 |
0 |
0 |
|a HQ1154
|b .B848 1998
|
| 082 |
0 |
0 |
|a 305.42
|2 21
|
| 100 |
1 |
|
|a Bulbeck, Chilla,
|d 1951-
|9 4584
|
| 245 |
1 |
0 |
|a Re-orienting western feminisms :
|b women's diversity in a postcolonial world /
|c Chilla Bulbeck.
|
| 260 |
|
|
|a Cambridge ;
|a New York :
|b Cambridge University Press,
|c 1998 [Reprinted 1999]
|
| 300 |
|
|
|a xi, 270 p. :
|b ill. ;
|c 24 cm.
|
| 504 |
|
|
|a Includes bibliographical references (p. 226-265) and index.
|
| 541 |
|
|
|e 17631
|
| 650 |
|
0 |
|a Feminism.
|9 6472
|
| 650 |
|
0 |
|a Feminism
|z Developing countries.
|9 4440
|
| 650 |
|
0 |
|a Women
|x Social conditions.
|9 4586
|
| 650 |
|
0 |
|a Women
|z Developing countries
|x Social conditions.
|9 6997
|
| 650 |
|
0 |
|a Minority women
|x Social conditions.
|9 4587
|
| 650 |
|
0 |
|a Cultural pluralism.
|9 8018
|
| 852 |
|
|
|a Ayesha Abed Library
|c General Shelf
|
| 942 |
|
|
|2 ddc
|c BK
|
| 999 |
|
|
|c 14354
|d 14354
|
| 952 |
|
|
|0 0
|1 0
|2 ddc
|4 1
|6 305_420000000000000_BUL
|7 0
|9 24334
|a ENH
|b ENH
|d 2014-05-21
|l 0
|o 305.42 BUL
|p 3010017631
|r 2014-05-21
|t 1
|w 2014-05-21
|y BK
|x Departmental-issued damaged books were found in the ENH department for the reason of termites eaten in 2016
|